000 00311nam a22001337a 4500
999 _c13999
_d13999
020 _a978-1-305-94954-6
082 _a302.2
100 _aDr. Julia T. Wood
245 _aCommunication in Our Lives
250 _a8th Edition
260 _aAustralia
_bCengage Learning
_c2017
300 _a480 pages
942 _cBK